Bezpečnostné požiadavky na sviečky z hľadiska procesu horenia

Guardado en:
Detalles Bibliográficos
Autor principal: Fujaszová, Lucia (Autor)
Otros Autores: Balog, Karol (Orientador)
Formato: Manuscrito Libro
Lenguaje:eslovaco
Publicado: 2016
Materias:
Acceso en línea:http://is.stuba.sk/zp/portal_zp.pl?podrobnosti=110911
Etiquetas: Agregar Etiqueta
Sin Etiquetas, Sea el primero en etiquetar este registro!

MARC

LEADER 00000ntm a22000003a 4500
001 stuzp57741
003 SK-STU
005 20160719155340.5
007 ta
008 150427s2015----xo-----f-mn---000-0-slo-d
040 |a STU  |b slo 
041 0 |a slo 
100 1 |a Fujaszová, Lucia  |u 065000  |k Z4  |4 aut  |U MTF Materiálovotechnologická fakulta  |T MTF Ústav integrovanej bezpečnosti  |X 58177  |U M5000  |Y 85  |7 A000058177 
242 0 1 |a Safety requirements for candles in the burning process  |y eng 
245 1 0 |a Bezpečnostné požiadavky na sviečky z hľadiska procesu horenia 
260 |c 2016 
650 4 |a sviečky  |2 slo 
650 4 |a charakteristika sviečok  |2 slo 
650 4 |a požiadavky na kvalitu sviečok  |2 slo 
650 4 |a bezpečnostné značenie sviečok  |2 slo 
650 4 |a požiarnobezpečnostné parametre sviečok  |2 slo 
650 4 |a tvorba dymu  |2 slo 
650 4 |a candles  |2 eng 
650 4 |a candle safety signs  |2 eng 
650 4 |a candle characteristics  |2 eng 
650 4 |a fire safety parameters for candles  |2 eng 
650 4 |a quality requirements for candles  |2 eng 
650 4 |a smoke generation  |2 eng 
700 1 |a Balog, Karol  |u 065000  |k Z1  |4 ths  |U MTF Materiálovotechnologická fakulta  |T MTF Ústav integrovanej bezpečnosti  |X 243  |U M5000  |Y 85  |7 A000000243 
856 4 |u http://is.stuba.sk/zp/portal_zp.pl?podrobnosti=110911 
996 |c M* DP-12604  |l MMSKP  |s P  |a 0  |w stuzp57741_0001 
SQL |a stuzp57741  |b DDP  |c SLO  |d Bezpečnostné požiadavky na sviečky z hľadiska procesu horenia  |e 58177  |f Fujaszová, Lucia  |g 065000  |h 243  |i Balog, Karol  |j 20160602  |k 670  |l 06  |m http://is.stuba.sk/zp/portal_zp.pl?podrobnosti=110911  |n I-IBE  |o 8.3.5. bezpečnosť a ochrana zdravia pri práci